[Event "AUTO-INT-1165"]
[Site "http://www.queenalice.com/game.php?id=583148"]
[Date "2009.5.5"]
[Round "2"]
[White "tsuki"]
[Black "dorszu"]
[Result "1-0"]
[WhiteElo "1957"]
[BlackElo "1669"]

1. e4 e6 2. e5 c5 3. c3 Ne7 4. d4 Ng6 5. Be3 Nc6 6. Nf3 cxd4 7. cxd4 d5 8. Bb5
Bd7 9. Qa4 a6 10. Be2 Bb4+ 11. Nc3 Nxd4 12. Qd1 Bxc3+ 13. bxc3 Nxe2 14. Qxe2 Bb5
15. Qc2 O-O 16. a4 Bc6 17. O-O b5 18. a5 Re8 19. Bb6 Qb8 20. Nd4 Nxe5 21. f4 Nc4
22. Nxc6 Ne3 23. Bxe3 Qd6 24. Ne5 f6 25. Nf3 Rac8 26. Nd2 b4 27. Nb1 e5 28. Qb3
Kh8 29. cxb4 d4 30. Bf2 e4 31. Rd1 Qxf4 32. Bxd4 Rc1 33. Nc3 Rxd1+ 34. Nxd1 Rd8
35. Be3 Qe5 36. Rc1 g5 37. Qc4 h6 38. Qxa6 Qb2 39. Nxb2 1-0

[Event "AUTO-INT-1165"]
[Site "http://www.queenalice.com/game.php?id=583149"]
[Date "2009.5.5"]
[Round "2"]
[White "dorszu"]
[Black "tsuki"]
[Result "0-1"]
[WhiteElo "1614"]
[BlackElo "1888"]

1. e4 c5 2. c3 Nc6 3. Nf3 d5 4. Bb5 e6 5. Bxc6+ bxc6 6. d3 d4 7. c4 Bd6 8. O-O
Ne7 9. Bg5 O-O 10. Nbd2 h6 11. Bxe7 Bxe7 12. Ne5 Qc7 13. Ndf3 f6 14. Ng6 Re8 15.
e5 Kh7 16. Nxe7 Qxe7 17. Qe2 f5 18. Rab1 Bd7 19. h3 g5 20. Rfe1 Rg8 21. Kf1 g4
22. hxg4 fxg4 23. Qe4+ Kh8 24. Nd2 g3 25. Qf4 Rg5 26. Re2 Rh5 27. Nf3 Rh1+ 28.
Ng1 Rg8 29. f3 Qg5 30. Qxg5 Rxg5 31. Re4 Be8 32. Rf4 Bg6 33. Rd1 Rxe5 34. Rf8+
Kg7 35. Ra8 Re3 36. Rxa7+ Kf6 37. Ra3 h5 38. b4 cxb4 39. Ra6 Rxd3 40. Ke2 Rxd1
41. Kxd1 Rxg1+ 42. Ke2 Rxg2+ 43. Kf1 Rf2+ 44. Kg1 d3 45. Rxc6 d2 46. Rd6 Bc2 47.
c5 d1=Q+ 48. Rxd1 Bxd1 49. c6 Bxf3 50. c7 Rc2 0-1

[Event "tsuki"]
[Site "http://www.queenalice.com/game.php?id=587745"]
[Date "2009.5.13"]
[Round "3"]
[White "Galaad"]
[Black "tsuki"]
[Result "0-1"]
[WhiteElo "1421"]
[BlackElo "1934"]

1. e4 c5 2. Nf3 Nc6 3. Bc4 Nf6 4. Ng5 e6 5. d3 d5 6. Bb5 Qa5+ 7. Bd2 Qxb5 8. b3
dxe4 9. Nc3 Qa6 10. Ngxe4 Nxe4 11. Nxe4 Be7 12. O-O O-O 13. Be3 Nd4 14. c3 Nf5
15. Bxc5 Bxc5 16. Nxc5 Qc6 17. Ne4 b6 18. Qg4 e5 19. Qg5 Qg6 20. g3 Qxg5 21.
Nxg5 b5 22. b4 Rd8 23. Rfd1 h6 24. Ne4 Bb7 25. Nc5 Bf3 26. Re1 Re8 27. h3 h5 28.
a4 a6 29. Nd7 f6 30. a5 Rad8 31. Nc5 Rd6 32. Ra3 g5 33. c4 Nd4 34. Ra2 f5 35.
Rb2 f4 36. Nb3 Bc6 37. Nxd4 Rxd4 38. Rbe2 Kf7 39. Rxe5 Rxe5 40. Rxe5 Kf6 41.
gxf4 Rxf4 42. Rc5 Be8 43. cxb5 Bxb5 44. Rd5 Rxb4 45. d4 Rb1+ 46. Kh2 Rb2 47. Kg1
Rd2 48. h4 gxh4 49. Rxh5 Rxd4 50. Kh2 Kg6 51. Rh8 Rf4 52. Kh3 Rxf2 53. Rxh4 Ra2
54. Kg3 Rxa5 55. Rf4 Ra3+ 56. Kf2 Rd3 57. Ke1 a5 58. Rf2 a4 59. Rb2 Bc4 60. Rb4
Bb3 61. Ke2 Rd5 62. Rb6+ Kf7 63. Rb7+ Ke6 64. Rc7 Kd6 65. Ra7 Kc5 66. Ra5+ Kb4
0-1

[Event "Challenge"]
[Site "http://www.queenalice.com/game.php?id=600690"]
[Date "2009.6.9"]
[Round "-"]
[White "ORNELAS"]
[Black "tsuki"]
[Result "0-1"]
[WhiteElo "1758"]
[BlackElo "1912"]

1. d4 d5 2. Nf3 Nc6 3. c3 Bg4 4. Nbd2 Nf6 5. h3 Bh5 6. a3 e6 7. b4 a6 8. Nh2 Bd6
9. Ndf3 O-O 10. Bg5 h6 11. Bxh6 gxh6 12. Qd2 Kh7 13. Qd3+ Bg6 14. Qe3 Ne7 15.
Nh4 Nf5 16. Nxf5 Bxf5 17. Nf3 Ne4 18. Nh4 Qxh4 19. g3 Qh5 20. O-O-O Qg5 21. Qxg5
Nxg5 22. h4 Ne4 23. Rh2 Nxc3 24. Rd2 a5 25. Kb2 axb4 26. axb4 Nb5 27. f4 Bxb4
28. Rd1 Bc3+ 29. Kb3 Ra3# 0-1

[Event "tsuki"]
[Site "http://www.queenalice.com/game.php?id=600922"]
[Date "2009.6.9"]
[Round "4"]
[White "tsuki"]
[Black "ButchCassidy"]
[Result "1-0"]
[WhiteElo "1893"]
[BlackElo "1655"]

1. e4 e5 2. Nf3 Nc6 3. Bb5 Nf6 4. Nc3 d6 5. d4 Bd7 6. d5 Nb4 7. a3 Bxb5 8. Nxb5
Na6 9. Be3 c6 10. dxc6 bxc6 11. Nc3 Be7 12. O-O O-O 13. Qe2 Nc5 14. Nd2 d5 15.
exd5 cxd5 16. Bg5 e4 17. Bxf6 Bxf6 18. Qb5 Bxc3 19. bxc3 Ne6 20. Rfd1 Nc7 21.
Qc6 Rc8 22. Nxe4 Re8 23. Ng3 Qg5 24. Qd6 Nb5 25. Rxd5 Nxd6 26. Rxg5 Rxc3 27. Ra5
Ra8 28. Ra6 Nb5 29. Ra2 Rd8 30. f3 Rd2 31. Ra5 Rc5 32. a4 Nc3 33. Rxc5 1-0

[Event "QA-ANNIV-05"]
[Site "http://www.queenalice.com/game.php?id=604096"]
[Date "2009.6.15"]
[Round "1"]
[White "rxk"]
[Black "tsuki"]
[Result "0-1"]
[WhiteElo "1822"]
[BlackElo "1899"]

1. d4 Nf6 2. c4 e6 3. Nf3 d5 4. Nc3 Bb4 5. e3 O-O 6. Bd3 dxc4 7. Bxc4 b6 8. O-O
Bb7 9. Be2 Nc6 10. a3 Be7 11. Bd2 Re8 12. Rc1 a6 13. Qc2 h6 14. Rfd1 Bd6 15. e4
e5 16. d5 Nd4 17. Nxd4 exd4 18. Nb1 Nxe4 19. Bxh6 gxh6 20. Rxd4 Bxh2+ 21. Kxh2
Qh4+ 22. Kg1 Qxf2+ 0-1

[Event "AUTO-ADV-1373"]
[Site "http://www.queenalice.com/game.php?id=607545"]
[Date "2009.6.23"]
[Round "1"]
[White "tsuki"]
[Black "volga1"]
[Result "1-0"]
[WhiteElo "1942"]
[BlackElo "1854"]

1. e4 g6 2. d4 Bg7 3. Nf3 d6 4. Nc3 Nd7 5. Bc4 e6 6. O-O Ne7 7. Bg5 h6 8. Be3 a6
9. a4 b6 10. Qe2 Bb7 11. Rad1 c6 12. Ba2 Qc7 13. Rfe1 O-O 14. Qd2 Rac8 15. Bxh6
b5 16. e5 c5 17. exd6 Qxd6 18. Bxg7 Kxg7 19. dxc5 Qxd2 20. Rxd2 Nxc5 21. axb5
Bxf3 22. gxf3 Rh8 23. bxa6 Nxa6 24. Ne4 Rhd8 25. Rxd8 Rxc2 26. Rb1 Nb4 27. Rd7
Ned5 28. Bxd5 Nxd5 29. Nd6 Rc6 30. Nxf7 Nb6 31. Rb7 Kf6 32. Nh6 Nd5 33. Ng4+ Kg5
34. b4 Nc3 35. Rb3 Ne2+ 36. Kf1 Nd4 37. Rb2 Rc1+ 38. Kg2 Kf4 39. Rf7+ Kg5 40. b5
Nxf3 41. Kxf3 Rc3+ 42. Ne3 1-0

[Event "AUTO-ADV-1373"]
[Site "http://www.queenalice.com/game.php?id=607546"]
[Date "2009.6.23"]
[Round "1"]
[White "volga1"]
[Black "tsuki"]
[Result "0-1"]
[WhiteElo "1842"]
[BlackElo "1954"]

1. e4 c5 2. d4 cxd4 3. c3 dxc3 4. Nxc3 Nc6 5. Bc4 e6 6. Nf3 Bb4 7. O-O Nge7 8.
Ng5 h6 9. Nxf7 Kxf7 10. a3 Ne5 11. axb4 Nxc4 12. b3 Ne5 13. f4 N5c6 14. f5 g5
15. fxe6+ Kxe6 16. Qg4+ Ke5 17. Bb2 Qb6+ 18. Rf2 Nd4 19. Ra5+ d5 20. Qg3+ Ke6
21. exd5+ Kd7 22. Qe5 Nxb3 23. Qxh8 Nxa5 24. Ne4 Nc4 25. Nc5+ Kc7 26. Bd4 Qxb4
27. Ne6+ Bxe6 28. Qxa8 Bxd5 29. Qxa7 Nc6 30. Qa1 Nxd4 31. Qd1 Qc5 32. Kh1 Nc6
33. Rc2 b5 34. Qa1 Qa3 35. Qg7+ Kb6 36. h3 Ne3 37. Rxc6+ Bxc6 38. Qd4+ Qc5 39.
Qd8+ Kb7 40. Qh8 Bxg2+ 41. Kh2 Qd6+ 42. Kg1 Qd1+ 43. Kh2 Qh1+ 44. Kg3 Qxh3+ 45.
Kf2 Qf3+ 46. Ke1 g4 47. Qh7+ Kb6 48. Qxh6+ Ka5 49. Qh7 b4 50. Qa7+ Kb5 51. Qd7+
Kc4 52. Qe6+ Kc3 53. Qe5+ Kc2 54. Qc7+ Qc6 55. Qa5 Qc3+ 56. Kf2 Qd2+ 57. Kg3
Qe1+ 58. Kf4 Qf2+ 59. Kg5 Qf5+ 0-1

[Event "AUTO-ADV-1373"]
[Site "http://www.queenalice.com/game.php?id=607547"]
[Date "2009.6.23"]
[Round "1"]
[White "tsuki"]
[Black "juim"]
[Result "1-0"]
[WhiteElo "1935"]
[BlackElo "1618"]

1. e4 d5 2. exd5 Qxd5 3. Nc3 Qd8 4. Nf3 e6 5. d4 Nf6 6. Nb5 c6 7. Nc3 Bb4 8. Bd2
O-O 9. Bd3 Ng4 10. h3 Nxf2 11. Kxf2 Nd7 12. Ne5 Nxe5 13. dxe5 Qd4+ 14. Be3 Qxe5
15. Re1 b5 16. Qg4 Qf6+ 17. Kg1 e5 18. Qg3 Bd6 19. Ne4 Qg6 20. Qxg6 fxg6 21.
Nxd6 Bd7 22. Rf1 Rfd8 23. Bc5 a5 24. Rae1 Be6 25. b3 a4 26. Rxe5 axb3 27. Rxe6
b2 28. a3 Ra5 29. Rb1 Ra4 30. Rxb2 Rf4 31. c4 bxc4 32. Bxc4 Kh8 33. Re8+ Rxe8
34. Nxe8 Rxc4 35. Rb8 Kg8 36. Nd6# 1-0

[Event "AUTO-ADV-1373"]
[Site "http://www.queenalice.com/game.php?id=607548"]
[Date "2009.6.23"]
[Round "1"]
[White "juim"]
[Black "tsuki"]
[Result "0-1"]
[WhiteElo "1650"]
[BlackElo "1938"]

1. e4 d5 2. exd5 Qxd5 3. Nc3 Qa5 4. Nf3 Nf6 5. d3 e6 6. Bd2 Ng4 7. Ne4 Bb4 8.
Be2 Nc6 9. O-O b6 10. Nh4 Bxd2 11. Nxd2 Nf6 12. Re1 O-O 13. Nc4 Qg5 14. Nf3 Qh6
15. Nfe5 Nxe5 16. Nxe5 Bb7 17. Bf3 Bxf3 18. Nxf3 Rad8 19. Re5 Rd5 20. Rxd5 exd5
21. Ne5 Re8 22. Nc6 Ng4 23. h3 Nxf2 24. Qf3 Nxh3+ 25. gxh3 Qxc6 26. c3 Qg6+ 27.
Kh2 Qd6+ 28. Kh1 c5 29. Rg1 Re6 30. b4 cxb4 31. Qg4 g6 32. cxb4 Re3 33. Rc1 Qf6
34. Qg1 Rxh3+ 0-1

[Event "AUTO-ADV-1373"]
[Site "http://www.queenalice.com/game.php?id=607549"]
[Date "2009.6.23"]
[Round "1"]
[White "tsuki"]
[Black "swasey"]
[Result "1-0"]
[WhiteElo "1954"]
[BlackElo "1907"]

1. e4 c5 2. Nf3 d6 3. d4 cxd4 4. Nxd4 Nf6 5. Nc3 a6 6. Bd3 e5 7. Nf5 Bxf5 8.
exf5 d5 9. O-O Be7 10. f3 O-O 11. Bg5 Nc6 12. Qe2 Re8 13. Rae1 Nd4 14. Qf2 Qd7
15. Rxe5 Bc5 16. Rxe8+ Qxe8 17. Kh1 Qc6 18. Bxf6 Nb5 19. Bxb5 axb5 20. Bd4 b6
21. Bxc5 bxc5 22. f6 b4 23. Qg3 Qxf6 24. Nxd5 Qxb2 25. Re1 g6 26. Qf2 Rxa2 27.
Qxc5 Ra1 28. Rxa1 1-0

[Event "AUTO-ADV-1373"]
[Site "http://www.queenalice.com/game.php?id=607550"]
[Date "2009.6.23"]
[Round "1"]
[White "swasey"]
[Black "tsuki"]
[Result "1-0"]
[WhiteElo "1876"]
[BlackElo "1974"]

1. e4 c5 2. Nf3 Nc6 3. d4 cxd4 4. Nxd4 e5 5. Nb5 Bc5 6. N1c3 Nf6 7. Nd6+ Bxd6 8.
Qxd6 Qe7 9. Nb5 O-O 10. Bg5 Qxd6 11. Nxd6 Nd4 12. O-O-O Ne8 13. Be7 Nxd6 14.
Bxd6 Re8 15. Bc4 b5 16. Bd5 Nc6 17. Rd3 Bb7 18. f4 exf4 19. Bxf4 Rac8 20. Rc3
Na5 21. Bd2 Bxd5 22. Rxc8 Rxc8 23. exd5 Rc5 24. Bxa5 1-0

[Event "QA-ANNIV-05"]
[Site "http://www.queenalice.com/game.php?id=654394"]
[Date "2009.9.18"]
[Round "2"]
[White "mrhooper"]
[Black "tsuki"]
[Result "0-1"]
[WhiteElo "1949"]
[BlackElo "1975"]

1. e4 e6 2. Qe2 Nc6 3. Nf3 Bc5 4. c3 Nge7 5. d4 Bb6 6. Bf4 O-O 7. Qe3 d5 8. Nbd2
Ng6 9. e5 Nxf4 10. Qxf4 Ne7 11. Bd3 Nf5 12. O-O c5 13. b3 h6 14. g3 f6 15. Bxf5
fxe5 16. Bxe6+ Bxe6 17. Qxe5 Bg4 18. Qe3 Qf6 19. Ne5 Bh3 20. Rfe1 cxd4 21. cxd4
Ba5 22. f3 Rac8 23. g4 Qf4 24. Qxf4 Rxf4 25. Ng6 Rxd4 26. Ne7+ Kh7 27. Nxc8 Rxd2
28. Re7 Bc3 29. Rc1 Bd4+ 0-1

[Event "AUTO-ADV-1373"]
[Site "http://www.queenalice.com/game.php?id=688478"]
[Date "2009.11.25"]
[Round "2"]
[White "GEORGESILVA"]
[Black "tsuki"]
[Result "1-0"]
[WhiteElo "2106"]
[BlackElo "1979"]

1. e4 e6 2. Nf3 d5 3. exd5 exd5 4. d4 Bd6 5. Bd3 Ne7 6. O-O O-O 7. Nc3 Bg4 8.
Bxh7+ Kxh7 9. Ng5+ Kg8 10. Qxg4 Nd7 11. Be3 Nf6 12. Qh3 Qd7 13. Qxd7 Nxd7 14. f4
Nf6 15. f5 Rae8 16. Bf4 Bxf4 17. Rxf4 Nh7 18. Nxh7 Kxh7 19. Re1 f6 20. Re3 c6
21. Ne2 g5 22. fxg6+ Kxg6 23. Rg3+ Kf7 24. Rh4 Nf5 25. Rh7+ Ke6 26. Nf4+ Kd6 27.
Rd3 Re4 28. g3 b5 29. Rxa7 Nxd4 30. a4 Ne2+ 31. Nxe2 Rxe2 32. axb5 1-0

[Event "AUTO-ADV-1373"]
[Site "http://www.queenalice.com/game.php?id=688479"]
[Date "2009.11.25"]
[Round "2"]
[White "tsuki"]
[Black "GEORGESILVA"]
[Result "0-1"]
[WhiteElo "1990"]
[BlackElo "2153"]

1. e4 c5 2. Nf3 d6 3. Bc4 e6 4. a3 Nf6 5. d3 Be7 6. O-O O-O 7. Nc3 Nbd7 8. Ba2
a6 9. Re1 b5 10. d4 cxd4 11. Nxd4 Bb7 12. Bf4 e5 13. Ne6 fxe6 14. Bxe6+ Kh8 15.
Bg3 Nc5 16. Ba2 Ncxe4 17. Nxe4 Nxe4 18. Qe2 Nxg3 19. fxg3 Bg5 20. h4 Qb6+ 21.
Kh2 Rf2 22. Qg4 Rxg2+ 23. Kh3 Qf2 24. Rh1 Rxg3+ 25. Qxg3 Bc8+ 26. Qg4 Qxh4+ 0-1

[Event "AUTO-ADV-1373"]
[Site "http://www.queenalice.com/game.php?id=688480"]
[Date "2009.11.25"]
[Round "2"]
[White "Mannu"]
[Black "tsuki"]
[Result "1-0"]
[WhiteElo "1860"]
[BlackElo "1968"]

1. e4 e6 2. d3 d5 3. Nd2 Nf6 4. e5 Nfd7 5. Ngf3 Nc6 6. d4 f6 7. exf6 Nxf6 8. Bb5
Bd7 9. O-O a6 10. Bxc6 Bxc6 11. Nb3 Bd6 12. Bg5 O-O 13. Nc5 Qc8 14. Nd3 Ne4 15.
Be3 Bb5 16. a4 Be8 17. Nfe5 c5 18. Qg4 c4 19. Nf4 Nf6 20. Qxe6+ Qxe6 21. Nxe6
1-0

[Event "AUTO-ADV-1373"]
[Site "http://www.queenalice.com/game.php?id=688481"]
[Date "2009.11.25"]
[Round "2"]
[White "tsuki"]
[Black "Mannu"]
[Result "0-1"]
[WhiteElo "1948"]
[BlackElo "1880"]

1. e4 e5 2. Nf3 Nc6 3. Bc4 d6 4. h3 Be6 5. Bb3 Bxb3 6. axb3 g6 7. O-O Bg7 8. d4
exd4 9. Nxd4 Bxd4 10. Nd2 Qh4 11. Nf3 Qf6 12. Bg5 Qg7 13. c3 Bf6 14. e5 Nxe5 15.
Re1 Ne7 16. Nxe5 Bxg5 17. f4 Bh4 18. Re2 dxe5 19. Rxe5 O-O 20. g4 Nc6 21. Rd5
Be7 22. Qc2 Bd6 23. Rad1 Bxf4 24. b4 Qh6 25. Kg2 Ne5 26. Qe4 Rae8 27. Rf1 Nxg4
28. Qxf4 Ne3+ 0-1